El mar está dentro de mí. Loncura, el baile chino y la fiesta de San Pedro.

Guardat en:
Dades bibliogràfiques
Autor principal: Cisternas Cisterna, Esteban (investigador)
Altres autors: Contreras Mühlenbrock, Rafael (investigador), González Hernández, Daniel (investigador), González Valdés, Marcos (fotografías)
Format: Llibre
Publicat: Ovalle, Chile: Kamayok Ediciones; Ong Mucam, 2021.
Edició:Primera edición
Col·lecció:Colección Historia y Cultura
Matèries:
Accés en línia:Disponible Online - Bailes Chinos
Etiquetes: Afegir etiqueta
Sense etiquetes, Sigues el primer a etiquetar aquest registre!

MARC

LEADER 00000nam a22000007a 4500
003 CL-VaPUC
005 20230801122553.0
008 230710t2021 ||||| |||| 00| 0 eng d
999 |c 441353  |d 441351 
020 |a 978-956-09288-1-8 
040 |c Pontificia Universidad Católica de Valparaíso 
082 |2 22  |a 793.31983255 CIS 2021 
100 1 |a Cisternas Cisterna, Esteban  |e investigador  |9 883648 
245 |a El mar está dentro de mí.  |b Loncura, el baile chino y la fiesta de San Pedro. 
250 |a Primera edición 
260 |a Ovalle, Chile:  |b Kamayok Ediciones;   |b Ong Mucam,  |c 2021. 
300 |a 403 páginas; fotografías 
490 |a Colección Historia y Cultura 
500 |a c.1 Donación Bruno Cuneo L. Memo ART 04/2023 
583 |c 20230710  |k Catalogador Asistente 
650 0 |a Danzas folkloricas chilenas  |9 425736  |v Historia   |x Baile chino   |z Quintero, Valparaíso  
651 0 |9 834932  |a Loncura  |x Caleta de pescadores  |x Historia local, bailes y fiesta patronal   |z Quintero, Valparaíso, Chile  
651 0 |a Loncura   |x Devoción a San Pedro   |z Quintero, Valparaíso, Chile   |9 883768 
700 |a Contreras Mühlenbrock, Rafael  |e investigador  |9 883649 
700 |a González Hernández, Daniel  |e investigador  |9 883650 
700 |a González Valdés, Marcos  |e fotografías  |9 883651 
856 |u https://baileschinos.cl/wp-content/uploads/2022/03/Libro-Loncura-Version-WEB.pdf  |y Disponible Online - Bailes Chinos 
942 |2 ddc  |c BK 
952 |0 0  |1 0  |2 ddc  |4 0  |6 793_319832550000000_CIS_2021  |7 0  |8 A  |9 590814  |a BIBART  |b BIBART  |d 2023-07-10  |e Donación  |i 5657981  |o 793.31983255 CIS 2021  |p 5657981  |r 2025-03-13  |t 1  |w 2023-07-10  |y BK  |k ART